000 01129 a2200229 4500
003 Nust
005 20221007091625.0
010 _a 90007531
020 _a0130132772
040 _cNust
082 0 0 _a629.836,BIT
100 1 _aBitmead, Robert R.
_999419
245 1 0 _aAdaptive optimal control :
_bthe thinking man's GPC /
_cRobert R. Bitmead, Michel Gevers, Vincent Wertz.
260 _aNew York :
_bPrentice Hall,
_cc1990.
300 _axi, 244 p. :
_bill. ;
_c24 cm.
440 0 _aPrentice Hall international series in systems and control engineering
_999420
505 _aThe Scene, The Props, the Players (Page-1), Generalized Predictive Control (Page-21), Linear Quadratic Gaussian Optimal Control (Page-43), Stability and Performance Properties of Receding Horizon LQ Control (Page-83).Robust LQG Design (Page-113), Recursive Least Squares Identification in Adaptive Control (Page-147), A Candidate Robust Adaptive Predictive Controller (Page-175), Judgement Dernier (Page-205).
650 0 _aAdaptive control systems.
700 1 _aGevers, Michel.
_999421
700 1 _aWertz, Vincent.
_984673
942 _cREF
_2ddc
999 _c175943
_d175943